A TEXTBOOK OF PROFESSIONAL PHARMACY (Record no. 7439)

MARC details
000 -LEADER
fixed length control field 00432nam a22001697a 4500
005 - DATE AND TIME OF LATEST TRANSACTION
control field 20210218113937.0
008 - FIXED-LENGTH DATA ELEMENTS--GENERAL INFORMATION
fixed length control field 210218b ||||| |||| 00| 0 eng d
020 ## - INTERNATIONAL STANDARD BOOK NUMBER
ISBN 978-81-85731-99-5
041 ## - LANGUAGE CODE
Language code of text/sound track or separate title eng
082 ## - DEWEY DECIMAL CLASSIFICATION NUMBER
Classification number 615.4
100 ## - MAIN ENTRY--AUTHOR NAME
Personal name JAIN, N.K. AND SHARMA,S.N.
245 ## - TITLE STATEMENT
Title A TEXTBOOK OF PROFESSIONAL PHARMACY
260 ## - PUBLICATION, DISTRIBUTION, ETC. (IMPRINT)
Place of publication DELHI
Name of publisher VALLABH PRAKASHAN
Year of publication 2015
300 ## - PHYSICAL DESCRIPTION
Number of Pages 632,P
650 ## - SUBJECT ADDED ENTRY--TOPICAL TERM
Topical Term PHARMACY
942 ## - ADDED ENTRY ELEMENTS (KOHA)
Koha item type Books
Holdings
Lost status Damaged status Collection code Home library Current library Shelving location Date acquired Source of acquisition Cost, normal purchase price Full call number Accession Number Koha item type
    PHARMACY JRU Library JRU Library Shelf - 23- E 18/02/2021 PURCHES / LBI - 1710 / 11-2-21 420.00 615.4 25436 Books
    PHARMACY JRU Library JRU Library Shelf - 23- E 18/02/2021 PURCHES / LBI - 1710 / 11-2-21 420.00 615.4 25437 Books
    PHARMACY JRU Library JRU Library Shelf - 23- E 18/02/2021 PURCHES / LBI - 1710 / 11-2-21 420.00 615.4 25438 Books
    PHARMACY JRU Library JRU Library Shelf - 23- E 18/02/2021 PURCHES / LBI - 1710 / 11-2-21 420.00 615.4 25439 Books
    PHARMACY JRU Library JRU Library Shelf - 23- E 18/02/2021 PURCHES / LBI - 1710 / 11-2-21 420.00 615.4 25440 Books
    PHARMACY JRU Library JRU Library Shelf - 23- E 18/02/2021 PURCHES / LBI - 1710 / 11-2-21 420.00 615.4 25441 Books
    PHARMACY JRU Library JRU Library Shelf - 23- E 18/02/2021 PURCHES / LBI - 1710 / 11-2-21 420.00 615.4 25442 Books
    Reference JRU Library JRU Library SHELF-4-C 24/02/2021 PURCHES / LBI - 1710 / 11-2-21 420.00 615.4 25435 Books